000 00939nam a22002891 4500
001 35988
003 BD-RjUL
005 20211209052420.0
008 140615r19671964enka b 000 0 eng d
035 _a(BD-RjUL)36085
035 _a(OCoLC)193632
040 _aDLC
_cOYU
_dOCoLC
_dUk
_dDLC
_dBD-RjUL
_beng
041 _aeng
082 0 0 _a320.54
_bIDE 1967
100 _d1924-2010.
_9109557
245 1 0 _aIdeology and discontent /
_cedited by David E. Apter.
260 _aLondon :
_bFree Press of Glencoe ,
_c1964 [Reprinted 1967]
300 _a342 p. :
_bill. ;
_c24 cm.
504 _a"Supplementary bibliography, compiled by Kay L. Lawson": p.[329]-334.
650 0 _aNationalism.
_9109559
650 0 _aPolitical psychology.
_93579
700 1 _aApter, David E.
_913097
942 _2ddc
_cBK
999 _c35988
_d35988